| 000 | 00800nam a22002417a 4500 | ||
|---|---|---|---|
| 003 | UA-OsUOA | ||
| 001 | 29464 | ||
| 007 | ta | ||
| 008 | 20041011b un ||||| |||| 00| 0 ukr d | ||
| 100 | _aГерц М. І. | ||
| 090 |
_a82.09(477) _bГ41 |
||
| 942 | _cBK | ||
| 040 |
_aUA-OsUOA _bukr _cUA-OsUOA _dUA-OsUOA |
||
| 245 | _aУлас Самчук на Закарпатті (суспільно-політична та культурно-освітня діяльність періоду 1933-1939 р. р.) | ||
| 300 |
_a76 с. _bІлюстрації |
||
| 955 | _a0 | ||
| 041 | _aukr | ||
| 080 | _a82.09(477) | ||
| 260 |
_aТернопіль _bТернопольський державний педагогічний інститут _c1997 |
||
| 044 | _aUA | ||
| 650 | 7 | _2UDC | |
| 999 |
_c315854 _d315854 |
||